000 00840nam a22002057i 4500
999 _c22843
_d22843
003 AR-CdUCM
008 240423b20042004sp ||||| |||| 00| 0 spa d
020 _a84-7577-351-6
040 _aMUNICIPALIDAD PROVINCIAL DEL CUSCO
_cBIBLIOTECA MUNICIPAL DEL CUSCO
082 _2segunda
_a306 /S38Q
_bS38Q
100 _aSenge, Peter M.
_949614
245 _aLa quinta disciplina :
_bEl arte y la práctica de la organización abierta al aprendizaje /
260 _aEspaña :
_bGranica S.A.,
_c2004
300 _a491 Páginas. :
_c18 cm.
650 _aNuestros actos crean la realidad... y pueden cambiarla
_949615
650 _aLa quinta disciplina, piedra angular de la organización inteligente
_949616
650 _aLas disciplinas centrales: construyendo la organización inteligente
_949617
942 _2ddc
_cLIBROS
945 _apbj
_d2024-04-23